Statistics for Ligue 1 2019-20 First XI

Click here to take the quiz!

General Stats

  • This quiz has been taken 56 times
  • The average score is 65 of 220

Answer Stats

TeamPositionPlayer% Correct
Paris Saint-GermainGK Alphonse Aréola
91%
RennesDF Damien Da Silva
91%
Paris Saint-GermainFW Edinson Cavani
91%
Paris Saint-GermainFW Kylian Mbappé
91%
Paris Saint-GermainMF Marco Verratti
91%
LyonFW Memphis Depay
91%
Paris Saint-GermainDF Thiago Silva
91%
LyonGK Anthony Lopes
85%
Paris Saint-GermainDF Juan Bernat
85%
MonacoMF Rony Lopes
85%
LyonFW Bertrand Traoré
82%
NantesDF Charles Traoré
82%
RennesDF Hamari Traoré
82%
Paris Saint-GermainMF Julian Draxler
82%
MonacoDF Kamil Glik
82%
MarseilleMF Dimitri Payet
76%
MarseilleGK Steve Mandanda
76%
Paris Saint-GermainDF Thilo Kehrer
76%
ReimsFW Boulaye Dia
73%
LilleDF José Fonte
70%
MarseilleDF Hiroki Sakaï
67%
LyonDF Jason Denayer
67%
Paris Saint-GermainMF Marquinhos
67%
Paris Saint-GermainFW Pablo Sarabia
67%
MarseilleDF Duje Caleta-Car
64%
LilleFW Timothy Weah
64%
LilleDF Zeki Çelik
64%
BordeauxGK Benoit Costil
61%
LyonDF Joachim Andersen
61%
LilleGK Mike Maignan
61%
LyonFW Moussa Dembélé
61%
MarseilleMF Nemanja Radonjic
61%
LilleFW Victor Osimhen
61%
Saint-EtienneFW Wahbi Khazri
61%
NantesGK Alban Lafont
58%
MontpellierFW Andy Delort
58%
LilleMF Benjamin André
58%
NiceDF Dante
58%
Saint-EtienneMF Denis Bouanga
58%
LyonMF Houssem Aouar
58%
LilleFW Jonathan Bamba
58%
LyonDF Léo Dubois
58%
Saint-EtienneGK Stéphane Ruffier
58%
MarseilleFW Valère Germain
58%
MonacoGK Benjamin Lecomte
55%
MarseilleDF Boubacar Kamara
55%
ReimsDF Hassane Kamara
55%
LilleFW Jonathan Ikoné
55%
MonacoMF Cesc Fabregas
52%
MarseilleMF Kevin Strootman
52%
MarseilleMF Luiz Gustavo
52%
StrasbourgGK Matz Sels
52%
ReimsGK Pedrag Rajkovic
52%
MontpellierDF Pedro Mendes
52%
MontpellierDF Vitorino Hilton
52%
Paris Saint-GermainDF Abdou Diallo
48%
MetzFW Habib Diallo
48%
BrestMF Ibrahima Diallo
48%
NîmesGK Paul Bernardoni
48%
LyonMF Thiago Mendes
48%
ReimsDF Thomas Foket
48%
MontpellierMF Gaëtan Laborde
45%
StrasbourgDF Lamine Koné
45%
AngersDF Romain Thomas
45%
LyonDF Youssouf Koné
45%
MetzGK Alexandre Oukidja
42%
MonacoDF Fodé Ballo-Toure
42%
MarseilleDF Jordan Amavi
42%
StrasbourgFW Ludovic Ajorque
42%
Saint-EtienneDF Miguel Trauco
42%
LilleDF Tiago Djaló
42%
ReimsDF Yunis Abdelhamid
42%
LilleDF Domagoj Bradarić
39%
RennesDF Jérémy Morel
39%
StrasbourgMF Jonas Martin
39%
MarseilleMF Morgan Sanson
39%
NantesDF Nicolas Pallois
39%
BordeauxMF Ui Jo Hwang
39%
NantesMF Abdoulaye Touré
36%
DijonFW Julio Tavarès
36%
NiceDF Malang Sarr
36%
RennesFW M'Baye Niang
36%
StrasbourgMF Adrien Thomasson
33%
DijonDF Bruno Ecuele Manga
33%
BordeauxDF Edson Mexer
33%
LyonMF Lucas Tousart
33%
MonacoDF Ruben Aguilar
33%
Saint-EtienneMF Ryad Boudebouz
33%
NantesDF Fábio
30%
BrestGK Gautier Larsonneur
30%
ToulouseMF Max Gradel
30%
AmiensGK Régis Gurtner
30%
ReimsMF Rémi Oudin
30%
Saint-EtienneMF Romain Hamouma
30%
AngersMF Thomas Mangani
30%
NantesMF Andrei Girotto
27%
RennesMF Eduardo Camavinga
27%
NantesFW Kalifa Coulibaly
27%
DijonDF Senou Coulibaly
27%
NantesMF Valentin Rongier
27%
MonacoMF Benjamin Henrichs
24%
StrasbourgMF Dimitri Liénard
24%
MetzDF Fabien Centonze
24%
RennesFW Flavien Tait
24%
MontpellierFW Jordan Ferri
24%
MetzDF Mamadou Fofana
24%
BordeauxMF Samuel Kalu
24%
AmiensFW Serhou Guirassy
24%
StrasbourgMF Youssouf Fofana
24%
LilleMF Boubakary Soumaré
21%
MonacoMF Gelson Martins
21%
NîmesFW Renaud Ripart
21%
StrasbourgDF Stefan Mitrović
21%
MetzDF Thomas Delaine
21%
NîmesFW Zinedine Ferhat
21%
DijonGK Alex Rúnar Rúnarsson
18%
ReimsDF Axel Disasi
18%
MetzFW Farid Boulaya
18%
Saint-EtienneDF Harold Moukoudi
18%
AngersMF Jeff Reine-Adélaïde
18%
BordeauxFW Jimmy Briand
18%
AngersGK Ludovic Butelle
18%
ReimsMF Moussa Doumbia
18%
ReimsMF Alaixys Romao
15%
ToulouseGK Baptiste Reynet
15%
AngersMF Baptiste Santamaria
15%
BrestFW Gaëtan Charbonnier
15%
MetzMF Habib Maïga
15%
BrestMF Haris Belkebla
15%
Saint-EtienneDF Loïc Perrin
15%
AngersMF Mathias Pereira Lage
15%
MontpellierMF Mihailo Ristić
15%
BordeauxMF Nicolas De Préville
15%
AngersMF Pierrick Capelle
15%
ReimsMF Xavier Chavalerin
15%
StrasbourgDF Alexander Djiku
12%
MontpellierMF Arnaud Souquet
12%
ToulouseFW Efthimis Koulouris
12%
StrasbourgDF Kenny Lala
12%
NantesFW Marcus Coco
12%
AngersDF Mateo Pavlovic
12%
RennesGK Romain Salin
12%
ReimsMF Tristan Dingomé
12%
NîmesDF Anthony Briançon
9%
ToulouseDF Bafodé Diakité
9%
NiceDF Christophe Hérelle
9%
AmiensDF Christophe Jallet
9%
MontpellierDF Daniel Congré
9%
RennesMF Faitout Maouassa
9%
ToulouseMF Ibrahim Sangaré
9%
NiceFW Ignatius Ganago
9%
ToulouseDF Issiaga Sylla
9%
BrestDF Jean-Charles Castelletto
9%
MonacoMF Jemerson
9%
RennesDF Jérémy Gelin
9%
Saint-EtienneDF Mathieu Debuchy
9%
ToulouseMF Mathieu Dossevi
9%
AngersDF Rayan Aït Nouri
9%
AngersDF Vincent Manceau
9%
NiceMF Wylan Cyprien
9%
AmiensMF Alexis Blin
6%
NîmesMF Antonin Bobichon
6%
DijonMF Didier Ndong
6%
MontpellierGK Dimitry Bertaud
6%
MontpellierMF Joris Chotard
6%
ToulouseDF Kelvin Amian
6%
BordeauxDF Loris Benito
6%
NantesDF Molla Wagué
6%
BordeauxDF Pablo
6%
NîmesDF Pablo Martinez
6%
BordeauxDF Raoul Bellanova
6%
MetzMF Renaud Cohade
6%
BrestDF Romain Perraud
6%
NîmesDF Sofiane Alakouch
6%
ToulouseDF Agustín Rogel
3%
BordeauxMF Albert Lottin
3%
DijonMF Benjamin Jeannot
3%
RennesMF Clément Grenier
3%
AmiensFW Eddy Gnahoré
3%
DijonMF Frédéric Sammaritano
3%
RennesDF James Lea Siliki
3%
Saint-EtienneMF Jean-Eudes Aholou
3%
MonacoDF Jonathan Panzo
3%
MonacoFW Lyle Foster
3%
DijonMF Mama Baldé
3%
DijonDF Mickaël Alphonse
3%
NiceFW Myziane Maolida
3%
MetzFW Opa Nguette
3%
AmiensDF Prince-Désir Gouano
3%
AngersDF Rachid Alioui
3%
NîmesMF Theo Valls
3%
AmiensMF Thomas Monconduit
3%
ToulouseMF William Vainqueur
3%
Saint-EtienneMF Yann M'Vila
3%
NiceMF Adrien Tameze
0%
BordeauxMF Aurélien Tchouamena
0%
AmiensMF Cheick Timité
0%
MontpellierMF Damien Le Tallec
0%
BrestDF Dénys Bain
0%
NîmesDF Florian Miguel
0%
DijonDF Fouad Chafik
0%
NîmesMF Gaëtan Paquiez
0%
AmiensDF Haitam Aleesami
0%
ToulouseMF Jean-Victor Makengo
0%
AmiensDF Jordan Lefort
0%
AmiensMF Juan Ferney Otero
0%
BrestDF Julien Faussurier
0%
MetzMF Kévin N'Doram
0%
StrasbourgDF Lionel Carole
0%
NantesFW Lucas Lima
0%
BrestFW Mathias Autret
0%
NiceFW Mickaël Le Bihan
0%
NiceDF Patrick Burner
0%
NiceMF Rémi Walter
0%
DijonMF Romain Amalfitano
0%
NîmesFW Romain Philippoteaux
0%
BrestMF Samuel Grandsir
0%
MetzDF Stoppila Sunzu
0%
NiceGK Yannis Clementia
0%
BrestMF Yoann Court
0%

Score Distribution

Percentile by Number Answered

Percent of People with Each Score

Your Score History

You have not taken this quiz